LEADER 00900nam0-22003011i-450- 001 990002021960403321 005 20090326092900.0 035 $a000202196 035 $aFED01000202196 035 $a(Aleph)000202196FED01 035 $a000202196 100 $a20030910d1962----km-y0itay50------ba 101 0 $aeng 200 1 $a<>bibliography of the cicadoidea (Homoptera Auchenorhyncha)$fZ. P. Metcalf 210 $aRaleigh$cNorth Carolina State College$d1962 215 $a229 p.$d23 cm 610 0 $aCicadelloidea 610 0 $aRhynchota Homoptera 610 0 $aRincoti Auchenorinchi 676 $a595.752 700 1$aMetcalf,$bZeno P.$085747 801 0$aIT$bUNINA$gRICA$2UNIMARC 901 $aBK 912 $a990002021960403321 952 $a61 IV F.8/06.8.3$b2075$fDAGEN 959 $aDAGEN 996 $aBibliography of the cicadoidea (Homoptera Auchenorhyncha$9405280 997 $aUNINA LEADER 01010nam a22002411i 4500 001 991001279179707536 005 20031029093640.0 008 040407s1975 it a||||||||||||||||mul 035 $ab1274623x-39ule_inst 035 $aARCHE-072587$9ExL 040 $aDip.to Scienze Storiche$bita$cA.t.i. Arché s.c.r.l. Pandora Sicilia s.r.l. 041 0 $aitaengfre 082 04$a332.6 245 00$aCampania :$bprospettive d'investimento nel mezzogiorno = investment prospects in the mezzogiorno = perspectives d'investissement dans le mezzogiorno = investieren im mezzogiorn 260 $aRoma :$bIASM,$cstampa 1975 300 $a121 p. :$bill. ;$c30 cm 651 4$aCampania$xInvestimenti economici e industriali 907 $a.b1274623x$b02-04-14$c16-04-04 912 $a991001279179707536 945 $aLE009 GEOG.14.433-60$g1$i2009000163621$lle009$o-$pE0.00$q-$rn$so $t0$u0$v0$w0$x0$y.i13283546$z16-04-04 996 $aCampania$965662 997 $aUNISALENTO 998 $ale009$b16-04-04$cm$da $e-$fmul$git $h0$i1